000 00222 a2200097 4500
245 _aResource atlas in human geography
_hText
020 _a9789812474957
100 _aGoh Cheng Leong
650 _aGEOGRAPHY
005 20191017173700.0
084 _aNONE
999 _c10591
_d10591